| 000 | 00681nam a22002057a 4500 | ||
|---|---|---|---|
| 005 | 20240530110544.0 | ||
| 008 | 160519s2014 ua a|||g b||| 00| 0 a d | ||
| 017 |
_a569 _bالكويت. دار الكتب _d2013 |
||
| 020 | _a9789990645026 | ||
| 040 | _aEG-CaGPL | ||
| 082 | 0 | 4 |
_a155.412 _bم ب _221 |
| 100 | 0 | _aمسعد نجاح ابوالديار | |
| 245 | 1 | 2 |
_aالبناء الوجدانى للطفل / _cمسعد نجاح ابوالديار. |
| 300 |
_a327 ص. : _bايض. ؛ _c25 سم. |
||
| 504 | _aببليوجرافية :ص. 297-327. | ||
| 650 | 0 | 4 |
_aالاطفال _xعلم نفس |
| 650 | 0 | 4 | _aعواطف الاطفال |
| 650 | 0 | 4 | _aالوجدان |
| 942 |
_2ddc _cBK |
||
| 999 |
_c62329 _d62329 |
||